Teoría y problemas de introducción a la ciencia de las computadoras / (Registro nro. 139537)

Detalles MARC
000 -LEADER
campo de control de longitud fija 00924nam a2200229 4500
001 - NÚMERO DE CONTROL
campo de control 139537
003 - IDENTIFICADOR DE NÚMERO DE CONTROL
campo de control ES-MaACL
007 - CAMPO FIJO DE DESCRIPCIÓN FÍSICA--INFORMACIÓN GENERAL
campo de control de longitud fija t|
008 - DATOS DE LONGITUD FIJA--INFORMACIÓN GENERAL
campo de control de longitud fija 070214s1972 mx r ||||1| spa d
100 1# - ENTRADA PRINCIPAL--NOMBRE DE PERSONA
Nombre de persona Scheid, Francis.
9 (RLIN) 104273
245 10 - MENCIÓN DEL TÍTULO
Título Teoría y problemas de introducción a la ciencia de las computadoras /
Mención de responsabilidad, etc. por Francis Scheid ; traducción y adaptación, Carlos Martínez Mejía, Eliecer Fajardo O. ; consultor, Juan Manuel Devis Estefan.
260 ## - PUBLICACIÓN, DISTRIBUCIÓN, ETC.
Lugar de publicación, distribución, etc. México [etc.] :
Nombre del editor, distribuidor, etc. McGraw-Hill,
Fecha de publicación, distribución, etc. 1972.
300 ## - DESCRIPCIÓN FÍSICA
Extensión 286 p. :
Otras características físicas il. ;
Dimensiones 28 cm.
490 1# - MENCIÓN DE SERIE
Mención de serie Serie de Compendios Schaum. Computación
500 ## - NOTA GENERAL
Nota general En cub.: Teoría y 300 problemas resueltos.
700 1# - ENTRADA AGREGADA--NOMBRE PERSONAL
Nombre de persona Fajardo O., Eliecer.
9 (RLIN) 48677
700 1# - ENTRADA AGREGADA--NOMBRE PERSONAL
Nombre de persona Martínez Mejía, Carlos.
9 (RLIN) 78224
700 1# - ENTRADA AGREGADA--NOMBRE PERSONAL
Nombre de persona Devis Estefan, Juan Manuel.
9 (RLIN) 44014
830 0# - PUNTO DE ACCESO ADICIONAL DE SERIE-TÍTULO UNIFORME
Título uniforme Serie de Compendios Schaum. Computación
9 (RLIN) 220238
852 ## - LOCALIZACIÓN
Ubicación ES-MaACL
Número de control de estantería E-5814
Sublocalización o colección R.90081
Existencias
Estatus retirado Estado de pérdida Estado de daño No para préstamo Biblioteca de origen Biblioteca actual Ubicación en estantería Fecha de adquisición Fuente de adquisición Total de préstamos Signatura topográfica completa Código de barras Visto por última vez Precio de reemplazo Tipo de ítem Koha
        Biblioteca del Ateneo de Madrid Biblioteca del Ateneo de Madrid Depósito 2 17/01/2008     E-5814 1145210 23/02/2023 23/02/2023 Libro impreso